| 000 | 00441nam a22001817a 4500 | ||
|---|---|---|---|
| 005 | 20251108164221.0 | ||
| 008 | 250721s9999 xx 000 0 ara d | ||
| 082 | 1 | 4 | _a617.6/فيض |
| 100 | 1 | _aديوب، فيصل | |
| 245 | 1 | 0 | _aمداواة الأسنان اللبنية / |
| 250 | _aط5. | ||
| 264 | _c[19-]. | ||
| 300 | _a4مج | ||
| 650 | 1 | 7 | _aطب الأسنان |
| 650 | 1 | 7 | _aالجراحة |
| 942 |
_2ddc _cBK |
||
| 999 |
_c6634 _d6634 |
||